[Event "Commonwealth Open 2019"]
[Site "Delhi"]
[Date "2019.06.30"]
[Round "1.27"]
[White "Bhoopnath"]
[Black "Saravana, IM Krishnan P."]
[Result "0-1"]
[WhiteElo "1649"]
[BlackElo "2290"]
[Annotator "ChessBase"]
[PlyCount "78"]
[EventDate "2019.06.30"]
[EventType "swiss"]
[EventCountry "IND"]
[SourceTitle "playchess.com"]
[Source "ChessBase"]
[SourceQuality "1"]
[TimeControl "5400+30"]

1. e4 {[%emt 0:00:00]} Nf6 {[%emt 0:00:09]} 2. Nc3 {[%emt 0:00:12]} d5 {[%emt 0:00:32]} 3. e5 {[%emt 0:00:26]} d4 {[%emt 0:00:23]} 4. exf6 {[%emt 0:00:43]} dxc3 {[%emt 0:00:05]} 5. fxe7 {[%emt 0:02:15]} Qxe7+ {[%emt 0:01:28]} 6. Qe2 {[%emt 0:01:24]} cxd2+ {[%emt 0:01:34]} 7. Bxd2 {[%emt 0:00:34]} Nc6 {[%emt 0:00:09]} 8. Nf3 {[%emt 0:03:01]} Be6 {[%emt 0:01:01]} 9. Qe3 {[%emt 0:04:55]} O-O-O {[%emt 0:01:11]} 10. Be2 {[%emt 0:13:37]} Bd5 {[%emt 0:10:42]} 11. O-O {[%emt 0:07:05]} f6 {[%emt 0:03:17]} 12. Rfd1 {[%emt 0:09:49]} Qf7 {[%emt 0:03:15]} 13. Bc3 {[%emt 0:11:11]} Bd6 {[%emt 0:01:09]} 14. Nd4 {[%emt 0:03:03]} Rhe8 {[%emt 0:03:46]} 15. Qh3+ {[%emt 0:04:53]} Kb8 {[%emt 0:00:10]} 16. Nxc6+ {[%emt 0:01:39]} Bxc6 {[%emt 0:00:15]} 17. Bf3 {[%emt 0:00:58]} Bxf3 {[%emt 0:02:23]} 18. Qxf3 {[%emt 0:00:24]} Qg6 {[%emt 0:00:07]} 19. Rd3 {[%emt 0:02:38]} Re4 {[%emt 0:00:42]} 20. Rad1 {[%emt 0:02:37]} Rde8 {[%emt 0:01:00]} 21. g3 {[%emt 0:03:43]} a6 {[%emt 0:00:54]} 22. a3 {[%emt 0:07:46]} h5 {[%emt 0:07:25]} 23. Bb4 {[%emt 0:06:11]} Bxb4 {[%emt 0:09:32]} 24. axb4 {[%emt 0:00:09]} Kc8 {[%emt 0:03:03]} 25. c3 {[%emt 0:03:55]} h4 {[%emt 0:01:01]} 26. Kg2 {[%emt 0:02:17]} Qh7 {[%emt 0:03:32]} 27. g4 {[%emt 0:03:38]} R4e7 {[%emt 0:14:55]} 28. Rd4 {[%emt 0:01:52]} c6 {[%emt 0:04:02]} 29. Qf4 {[%emt 0:01:36]} Re5 {[%emt 0:03:15]} 30. Qd2 {[%emt 0:00:28]} Qg8 {[%emt 0:01:18]} 31. Rd7 {[%emt 0:01:16]} R5e7 {[%emt 0:01:55]} 32. Rd6 {[%emt 0:00:39]} Kb8 {[%emt 0:00:55]} 33. Qd4 {[%emt 0:00:53]} Rc8 {[%emt 0:03:33]} 34. Qb6 {[%emt 0:00:26]} Qc4 {[%emt 0:00:39]} 35. R1d4 {[%emt 0:00:14]} h3+ {[%emt 0:02:22]} 36. Kxh3 {[%emt 0:00:44]} Qf1+ {[%emt 0:00:17]} 37. Kg3 {[%emt 0:00:14]} Qg1+ {[%emt 0:00:10]} 38. Kf3 {[%emt 0:00:22]} Qxh2 {[%emt 0:00:39]} 39. Rd7 {[%emt 0:01:08]} Qh3+ {[%emt 0:00:35]} 0-1

[Event "Commonwealth Open 2019"]
[Site "Delhi"]
[Date "2019.06.30"]
[Round "1.28"]
[White "Wagh Suyog"]
[Black "Lim, Kian Hwa"]
[Result "0-1"]
[WhiteElo "2250"]
[BlackElo "1644"]
[Annotator "NA"]
[PlyCount "142"]
[EventDate "2019.06.30"]
[EventType "swiss"]
[EventCountry "IND"]
[SourceTitle "playchess.com"]
[Source "ChessBase"]
[SourceQuality "1"]
[TimeControl "5400+30"]

1. Nf3 {[%emt 0:05:15]} d6 {[%emt 0:00:00]} 2. d4 {[%emt 0:00:05]} Nd7 {[%emt 0:00:15]} 3. c4 {[%emt 0:00:35]} e5 {[%emt 0:00:52]} 4. Nc3 {[%emt 0:00:10]} Ngf6 {[%emt 0:02:41]} 5. g3 {[%emt 0:00:05]} c6 {[%emt 0:00:44]} 6. Bg2 {[%emt 0:00:05]} Be7 {[%emt 0:00:30]} 7. e4 {[%emt 0:00:16]} O-O {[%emt 0:00:37]} 8. O-O {[%emt 0:00:03]} h6 {[%emt 0:03:46]} 9. h3 {[%emt 0:04:24]} Nh7 {[%emt 0:01:51]} 10. Be3 {[%emt 0:01:06]} Ng5 {[%emt 0:01:16]} 11. Nd2 {[%emt 0:06:54]} exd4 {[%emt 0:08:39]} 12. Bxd4 {[%emt 0:00:04]} Ne5 {[%emt 0:11:54]} 13. Kh2 {[%emt 0:06:30]} Ne6 {[%emt 0:05:41]} 14. Be3 {[%emt 0:00:59]} Bf6 {[%emt 0:01:16]} 15. f4 {[%emt 0:00:59]} Nd3 {[%emt 0:00:25]} 16. Qc2 {[%emt 0:02:24]} Nec5 {[%emt 0:02:09]} 17. a3 {[%emt 0:03:38]} a5 {[%emt 0:02:15]} 18. Rab1 {[%emt 0:01:40]} a4 {[%emt 0:01:57]} 19. Rfd1 {[%emt 0:00:04]} Qa5 {[%emt 0:02:24]} 20. Na2 {[%emt 0:02:25]} Re8 {[%emt 0:03:44]} 21. Nf1 {[%emt 0:03:53]} Nxb2 {[%emt 0:10:05]} 22. Rd4 d5 23. Rxd5 {[%emt 0:04:43]} Be6 {[%emt 0:05:38]} 24. Rd6 {[%emt 0:13:29]} Rac8 25. Nd2 Rcd8 {[%emt 0:04:14]} 26. Rxd8 {[%emt 0:02:04]} Rxd8 {[%emt 0:00:12]} 27. e5 {[%emt 0:01:56]} Rd3 {[%emt 0:09:47]} 28. exf6 {[%emt 0:07:17]} Rxe3 {[%emt 0:01:16]} 29. Rxb2 {[%emt 0:02:21]} gxf6 {[%emt 0:05:17]} 30. Ne4 {[%emt 0:06:43]} Nxe4 {[%emt 0:02:17]} 31. Bxe4 {[%emt 0:00:05]} Qe1 {[%emt 0:00:36]} 32. Qg2 {[%emt 0:09:51]} Rxe4 {[%emt 0:00:41]} 33. c5 {[%emt 0:00:01]} Bd5 {[%emt 0:01:51]} 34. Rf2 {[%emt 0:01:31]} Re3 {[%emt 0:02:54]} 35. Qg1 {[%emt 0:00:22]} Qxg1+ {[%emt 0:00:27]} 36. Kxg1 {[%emt 0:00:04]} Rxg3+ {[%emt 0:00:22]} 37. Kh2 {[%emt 0:00:11]} Rxa3 {[%emt 0:01:17]} 38. Nb4 {[%emt 0:00:34]} Be4 {[%emt 0:01:27]} 39. Na2 {[%emt 0:01:35]} f5 {[%emt 0:00:40]} 40. Rd2 {[%emt 0:00:12]} Kg7 {[%emt 0:00:33]} 41. h4 {[%emt 0:00:06]} Rf3 {[%emt 0:00:54]} 42. Kg1 {[%emt 0:00:11]} Rxf4 {[%emt 0:00:32]} 43. Nc3 {[%emt 0:00:04]} a3 {[%emt 0:00:37]} 44. Ra2 Rxh4 {[%emt 0:01:18]} 45. Rxa3 {[%emt 0:00:04]} Rh3 {[%emt 0:00:37]} 46. Kf2 {[%emt 0:00:10]} h5 {[%emt 0:00:33]} 47. Nb1 {[%emt 0:00:52]} Rxa3 {[%emt 0:00:20]} 48. Nxa3 {[%emt 0:00:02]} Bd3 {[%emt 0:00:53]} 49. Ke3 {[%emt 0:00:00]} h4 {[%emt 0:01:50]} 50. Kxd3 {[%emt 0:01:44]} h3 {[%emt 0:00:08]} 51. Nc4 {[%emt 0:00:05]} h2 {[%emt 0:00:57]} 52. Nd6 {[%emt 0:00:10]} h1=Q {[%emt 0:00:51]} 53. Nxf5+ {[%emt 0:00:02]} Kf6 {[%emt 0:00:33]} 54. Ne3 {[%emt 0:00:02]} Ke5 {[%emt 0:00:59]} 55. Nc2 {[%emt 0:00:07]} Qd5+ {[%emt 0:00:28]} 56. Ke2 {[%emt 0:00:08]} Qxc5 {[%emt 0:00:19]} 57. Ne1 {[%emt 0:00:01]} Ke4 {[%emt 0:00:39]} 58. Kd2 {[%emt 0:00:06]} Qe3+ {[%emt 0:00:38]} 59. Kd1 {[%emt 0:00:01]} Qxe1+ {[%emt 0:00:16]} 60. Kxe1 {[%emt 0:00:07]} Ke3 {[%emt 0:00:17]} 61. Kd1 f5 62. Ke1 f4 63. Kf1 f3 64. Ke1 b5 65. Kf1 b4 66. Kg1 {[%emt 0:04:07]} Ke2 {[%emt 0:03:00]} 67. Kh2 {[%emt 0:00:01]} f2 {[%emt 0:00:13]} 68. Kg3 f1=Q 69. Kh2 Qf8 70. Kg3 {[%emt 0:02:14]} Qf5 {[%emt 0:01:22]} 71. Kh4 {[%emt 0:00:02]} Qg6 {[%emt 0:00:14]} 0-1

[Event "Commonwealth Open 2019"]
[Site "Delhi"]
[Date "2019.06.30"]
[Round "1.29"]
[White "du Plessis, Jan"]
[Black "Bhambure, Shantanu"]
[Result "1-0"]
[WhiteElo "1631"]
[BlackElo "2248"]
[Annotator "NA"]
[PlyCount "67"]
[EventDate "2019.06.30"]
[EventType "swiss"]
[EventCountry "IND"]
[SourceTitle "playchess.com"]
[Source "ChessBase"]
[SourceQuality "1"]
[TimeControl "5400+30"]

1. e4 c5 2. c3 d5 3. exd5 Qxd5 4. d4 Nc6 5. Nf3 {[%emt 0:01:47]} Bf5 {[%emt 0:00:00]} 6. Na3 {[%emt 0:00:17]} cxd4 {[%emt 0:01:39]} 7. cxd4 {[%emt 0:01:32]} e6 {[%emt 0:11:08]} 8. Nb5 {[%emt 0:01:49]} O-O-O {[%emt 0:02:42]} 9. a3 {[%emt 0:04:36]} Nf6 {[%emt 0:06:00]} 10. Be3 {[%emt 0:03:58]} Ng4 {[%emt 0:15:30]} 11. Rc1 {[%emt 0:03:57]} Nxe3 {[%emt 0:06:07]} 12. fxe3 {[%emt 0:00:58]} Kb8 {[%emt 0:01:41]} 13. Qa4 {[%emt 0:05:25]} a6 {[%emt 0:02:50]} 14. Nc3 {[%emt 0:02:04]} Qd7 {[%emt 0:03:46]} 15. b4 {[%emt 0:06:56]} Bd6 {[%emt 0:05:11]} 16. b5 {[%emt 0:02:44]} Na7 {[%emt 0:02:49]} 17. e4 {[%emt 0:05:44]} Bg6 {[%emt 0:03:33]} 18. Bd3 {[%emt 0:04:03]} Bf4 {[%emt 0:03:56]} 19. Rc2 {[%emt 0:01:54]} Be3 {[%emt 0:05:56]} 20. bxa6 {[%emt 0:05:23]} Qxa4 {[%emt 0:00:41]} 21. Nxa4 {[%emt 0:00:22]} Bxd4 {[%emt 0:01:02]} 22. axb7 {[%emt 0:01:13]} f5 {[%emt 0:08:13]} 23. exf5 {[%emt 0:02:17]} exf5 {[%emt 0:00:23]} 24. Nxd4 {[%emt 0:01:31]} Rhe8+ {[%emt 0:05:32]} 25. Kf2 {[%emt 0:02:26]} Rxd4 {[%emt 0:00:11]} 26. Nc5 {[%emt 0:00:18]} Nc6 {[%emt 0:09:57]} 27. Na6+ {[%emt 0:05:32]} Kxb7 {[%emt 0:00:29]} 28. Rb1+ {[%emt 0:00:12]} Ka7 {[%emt 0:00:23]} 29. Nc7 {[%emt 0:01:45]} Rxd3 {[%emt 0:02:01]} 30. Rxc6 {[%emt 0:01:12]} Rxa3 {[%emt 0:00:57]} 31. Nxe8 {[%emt 0:00:39]} Bxe8 {[%emt 0:00:18]} 32. Rc7+ {[%emt 0:00:05]} Ka6 {[%emt 0:00:05]} 33. Rc8 {[%emt 0:00:17]} Ra2+ {[%emt 0:00:47]} 34. Kg1 {[%emt 0:00:19]} 1-0

[Event "Commonwealth Open 2019"]
[Site "Delhi"]
[Date "2019.06.30"]
[Round "1.30"]
[White "Mahalakshmi, M."]
[Black "Suthar Pradip"]
[Result "1-0"]
[WhiteElo "2245"]
[BlackElo "1631"]
[Annotator "NA"]
[PlyCount "86"]
[EventDate "2019.06.30"]
[EventType "swiss"]
[EventCountry "IND"]
[SourceTitle "playchess.com"]
[Source "ChessBase"]
[SourceQuality "1"]
[TimeControl "5400+30"]

1. d4 Nf6 2. c4 c5 3. d5 e6 4. Nc3 exd5 5. cxd5 {[%emt 0:01:31]} d6 {[%emt 0:00:05]} 6. Nf3 {[%emt 0:00:05]} g6 {[%emt 0:00:19]} 7. Nd2 {[%emt 0:01:23]} Bg7 {[%emt 0:01:27]} 8. e4 {[%emt 0:00:40]} O-O {[%emt 0:00:33]} 9. Be2 {[%emt 0:00:29]} Re8 {[%emt 0:01:34]} 10. O-O {[%emt 0:00:51]} Na6 {[%emt 0:00:47]} 11. h3 {[%emt 0:03:56]} Nc7 {[%emt 0:00:55]} 12. Re1 {[%emt 0:02:21]} Rb8 {[%emt 0:04:29]} 13. a4 {[%emt 0:01:22]} b6 {[%emt 0:00:31]} 14. Qc2 {[%emt 0:02:12]} Nd7 {[%emt 0:24:07]} 15. Nb5 {[%emt 0:09:29]} Nxb5 {[%emt 0:13:17]} 16. axb5 {[%emt 0:00:34]} Ra8 {[%emt 0:00:11]} 17. Ra3 {[%emt 0:03:18]} Bb7 {[%emt 0:04:18]} 18. Nc4 {[%emt 0:02:17]} Ne5 {[%emt 0:00:44]} 19. Bd2 {[%emt 0:00:59]} f5 {[%emt 0:18:31]} 20. exf5 {[%emt 0:11:24]} Bxd5 {[%emt 0:02:19]} 21. Nxe5 {[%emt 0:03:56]} Rxe5 {[%emt 0:03:53]} 22. fxg6 {[%emt 0:01:05]} hxg6 {[%emt 0:02:44]} 23. Qxg6 {[%emt 0:02:24]} Qe8 {[%emt 0:05:45]} 24. Rg3 {[%emt 0:04:53]} Qxg6 {[%emt 0:05:38]} 25. Rxg6 {[%emt 0:00:02]} Rae8 {[%emt 0:01:06]} 26. Bc3 {[%emt 0:01:49]} Rxe2 {[%emt 0:02:04]} 27. Rxg7+ {[%emt 0:00:50]} Kf8 {[%emt 0:00:02]} 28. Rd1 {[%emt 0:00:44]} Bf7 {[%emt 0:06:28]} 29. Rxd6 {[%emt 0:00:44]} Re1+ {[%emt 0:01:16]} 30. Kh2 {[%emt 0:00:07]} R1e6 {[%emt 0:00:36]} 31. Rd3 {[%emt 0:01:42]} Rg6 {[%emt 0:00:21]} 32. Rh7 {[%emt 0:00:56]} Re2 {[%emt 0:00:48]} 33. Rf3 {[%emt 0:02:16]} Re7 {[%emt 0:00:06]} 34. Rh8+ {[%emt 0:01:08]} Rg8 {[%emt 0:00:06]} 35. Rh6 {[%emt 0:00:22]} Ke8 {[%emt 0:00:28]} 36. Bf6 {[%emt 0:04:28]} Rd7 {[%emt 0:01:56]} 37. Bh4 {[%emt 0:01:25]} Bg6 {[%emt 0:00:12]} 38. Bg3 {[%emt 0:02:06]} Ke7 {[%emt 0:00:42]} 39. Re3+ {[%emt 0:03:27]} Kf7 {[%emt 0:00:04]} 40. Rh4 {[%emt 0:00:31]} Re8 {[%emt 0:00:37]} 41. Be5 {[%emt 0:01:56]} Rg8 {[%emt 0:00:48]} 42. Rf4+ {[%emt 0:01:09]} Ke6 {[%emt 0:00:38]} 43. Bc7+ {[%emt 0:00:22]} Kd5 1-0

[Event "Commonwealth Open 2019"]
[Site "Delhi"]
[Date "2019.06.30"]
[Round "2.1"]
[White "Gupta, Abhijeet"]
[Black "Mahalakshmi, M.."]
[Result "*"]
[WhiteElo "2606"]
[BlackElo "2245"]
[Annotator "TA"]
[PlyCount "23"]
[EventDate "2019.06.30"]
[EventType "swiss"]
[EventCountry "IND"]
[SourceTitle "playchess.com"]
[Source "ChessBase"]
[SourceQuality "1"]

{[%evp 9,23,-4,20,15,16,11,12,18,29,-16,8,0,9,21,36,30]} 1. Nf3 Nf6 2. c4 e6 3. g3 d5 4. Bg2 dxc4 5. O-O c6 (5... a6 6. Qc2 Nbd7 7. a4 Nb6 8. a5 Nbd5 9. Qxc4 b5 10. axb6 cxb6 11. Nc3 Bb7 12. d4 b5 13. Qb3 Be7 {½-½ (67) Adhiban,B (2695)-Jumabayev,R (2602) Makati 2018}) 6. a4 {A13: English Opening: 1...e6} Nbd7 7. Qc2 e5 8. Na3 {The position is equal.} Bxa3 9. bxa3 $146 ({Predecessor:} 9. Rxa3 O-O 10. Qxc4 e4 11. Ng5 Ne5 12. Qc3 Re8 13. Nxe4 {1-0 (20) Reindel,O-Evans,N ICCF email 2015}) 9... O-O 10. Bb2 Re8 11. Qxc4 Qc7 12. Rac1 *

[Event "Commonwealth Open 2019"]
[Site "Delhi"]
[Date "2019.06.30"]
[Round "2.2"]
[White "Saravana, Krishnan P."]
[Black "Narayanan.S.L"]
[Result "1-0"]
[WhiteElo "2290"]
[BlackElo "2603"]
[Annotator "TA"]
[PlyCount "88"]
[EventDate "2019.06.30"]
[EventType "swiss"]
[EventCountry "IND"]
[SourceTitle "playchess.com"]
[Source "ChessBase"]
[SourceQuality "1"]

{[%evp 12,88,3,12,35,31,32,27,27,24,40,35,35,36,35,28,27,25,42,5,7,-8,0,0,-20,-60,20,-33,-30,-35,-52,-55,-64,-114,-108,-147,-155,-147,-148,-154,-110,-101,-39,-35,40,45,64,69,67,15,90,0,0,0,68,0,0,0,15,0,135,125,201,86,93,22,43,50,98,-397,29992,0,0,0,0,0,0,-278,29996]} 1. e4 c5 2. Nf3 d6 3. d4 cxd4 4. Nxd4 Nf6 5. Nc3 a6 6. h3 e5 7. Nde2 h5 {B90: Sicilian Najdorf: Unusual White 6th moves, 6 Be3 Ng4 and 6 Be3 e5} 8. g3 (8. Nd5 Nxd5 9. Qxd5 Nc6 10. Qd1 Be6 11. Nc3 Rc8 12. Be3 Ne7 13. Be2 d5 14. exd5 Nxd5 15. Nxd5 Qxd5 {½-½ (26) Wang,H (2730)-Giri,A (2783) St Petersburg 2018}) 8... Be7 9. Bg2 Nbd7 {White has an edge.} 10. a4 b6 11. Bg5 Bb7 12. O-O O-O 13. Nc1 Rc8 14. Re1 Re8 {[#]} 15. Nd3 $146 ({Predecessor:} 15. Nb3) 15... Rc4 16. Bd2 Qa8 {[%cal Rf6e4]} 17. Qe2 Rec8 18. f4 g6 (18... Re8 $15) 19. Rad1 (19. Qe3 $11) 19... b5 $15 20. axb5 axb5 21. Ra1 Qb8 22. Kh2 Bf8 23. Rf1 b4 24. Nd5 Bxd5 (24... Rxc2 25. N5xb4 Nxe4 26. Nxc2 $15 (26. Bxe4 Bxe4 27. Nxc2 Rxc2 $15)) 25. exd5 e4 26. Ne1 b3 (26... Qb5 $17 27. f5 Qxd5 28. fxg6 fxg6) 27. c3 Nb6 (27... Qb7 $15) 28. f5 $14 {aiming for fxg6.} Nbxd5 29. fxg6 fxg6 {[#]} 30. Nd3 $1 {[%mdl 512]} Bg7 (30... Qb5 $11) (30... exd3 31. Qxd3) 31. Nf4 (31. Nf2 $16 {[%cal Rf2e4]} e3 32. Bxe3) 31... Nxf4 $11 32. Bxf4 h4 ({Black should try} 32... Qb6 $11) 33. g4 (33. Rad1 $14) 33... Nd5 $1 {[%cal Rd5f4]} 34. Bg5 ({Don't blunder} 34. Bxe4 $2 Nxf4 35. Rxf4 d5 $1 $19 {[%mdl 512]}) 34... Nb6 (34... Nxc3 $5 35. bxc3 Bxc3 $11) 35. Bf4 Rf8 (35... Nd5 $11 {remains equal.} 36. Bd2 (36. Bxe4 $2 Nxf4 37. Rxf4 d5 $19) 36... Nb6) 36. Kh1 $1 $16 {[%mdl 1024] White has strong compensation.} ({And not} 36. Bxe4 Rxf4 37. Rxf4 d5 $17) 36... Re8 (36... Kh7 $16) 37. Ra5 (37. Ra6 $1 $18 {[%cal Ra6b6] is more deadly. Black must now prevent Rxb6!} Rcc8 38. Bxe4) 37... Rcc8 38. Qb5 (38. Rfa1 $16) 38... Nc4 $11 39. Qd5+ {[%mdl 64] Double Attack} Kh8 40. Bxe4 $2 {[%mdl 8192]} (40. Rb5 $16 {keeps the pressure on.} Qa8 41. Qf7) 40... g5 $4 {[%mdl 8192] [#]} (40... Nxa5 $19 41. Bxd6 Qa8 $1 {[%mdl 512]} 42. Qxa8 Rxa8 43. Bxa8 Rxa8) 41. Qxg5 $2 (41. Qf7 $1 {[%mdl 512] mates} Re6 42. Rxg5 Rc7 43. Qxe6 Qg8 44. Rh5+ {[%mdl 64] Double Attack} Bh6 45. Rxh6+ Qh7 46. Bxd6 Nxd6 47. Rf8+ Kg7 48. Qf6#) 41... Rxe4 42. Qh5+ Kg8 {Threatens to win with ...Qb7.} 43. Qd5+ {[%mdl 64] Double Attack} Kh8 {Strongly threatening ...Re7.} 44. Qxe4 $4 {[%mdl 8192]} (44. Ra4 $11 {and White has nothing to worry.} Re2 45. Qh5+ Kg8 46. Qd5+ {[%mdl 64] Double Attack} Kh8 47. Rxc4 Rxc4 48. Qh5+ {[%mdl 64] Double Attack} Kg8 49. Qd5+ {[%mdl 64] Double Attack} Kh7 50. Qh5+ Kg8 51. Qd5+ {[%mdl 64] Double Attack} Kh8 52. Qh5+ {[%mdl 64] Double Attack} Kg8) 44... Nxb2 $4 {[%mdl 8192] Accuracy: White = 36%, Black = 41%.} (44... Nxa5 $19 45. Qe7 Rf8 46. Qxh4+ Kg8) 1-0

[Event "Commonwealth Open 2019"]
[Site "Delhi"]
[Date "2019.06.30"]
[Round "2.3"]
[White "Aravindh, Chithambaram VR."]
[Black "Mohota, Nisha"]
[Result "1-0"]
[WhiteElo "2598"]
[BlackElo "2236"]
[Annotator "ChessBase"]
[PlyCount "89"]
[EventDate "2019.06.30"]
[EventType "swiss"]
[EventCountry "IND"]
[SourceTitle "playchess.com"]
[Source "ChessBase"]
[SourceQuality "1"]
[TimeControl "5400+30"]

1. Nf3 {[%emt 0:00:00]} d5 {[%emt 0:00:00]} 2. e3 {[%emt 0:00:00]} Nf6 {[%emt 0:00:00]} 3. c4 {[%emt 0:00:00]} e6 {[%emt 0:00:00]} 4. Nc3 {[%emt 0:00:00]} Be7 {[%emt 0:00:09]} 5. b3 {[%emt 0:00:01]} c5 {[%emt 0:00:29]} 6. cxd5 {[%emt 0:00:21]} exd5 {[%emt 0:00:36]} 7. Bb2 {[%emt 0:00:40]} O-O {[%emt 0:03:20]} 8. d4 {[%emt 0:00:46]} cxd4 {[%emt 0:01:25]} 9. Nxd4 {[%emt 0:00:07]} Nc6 {[%emt 0:00:03]} 10. Be2 {[%emt 0:00:44]} Bc5 {[%emt 0:00:06]} 11. Nxc6 {[%emt 0:05:58]} bxc6 {[%emt 0:00:07]} 12. O-O {[%emt 0:00:06]} Bd6 {[%emt 0:11:50]} 13. Rc1 {[%emt 0:07:20]} Bf5 {[%emt 0:10:19]} 14. Na4 {[%emt 0:07:19]} Rc8 {[%emt 0:06:26]} 15. Qd4 {[%emt 0:00:56]} Re8 {[%emt 0:06:20]} 16. Nc5 {[%emt 0:02:21]} Be5 {[%emt 0:04:40]} 17. Qd2 {[%emt 0:00:34]} Ne4 {[%emt 0:02:56]} 18. Nxe4 {[%emt 0:05:09]} Bxe4 {[%emt 0:01:07]} 19. Bxe5 {[%emt 0:03:37]} Rxe5 {[%emt 0:00:09]} 20. Qd4 {[%emt 0:01:22]} Re7 {[%emt 0:07:33]} 21. Rc5 {[%emt 0:01:33]} Qd6 22. Rfc1 {[%emt 0:00:20]} Qg6 {[%emt 0:16:10]} 23. f3 {[%emt 0:00:42]} Bf5 {[%emt 0:00:27]} 24. Qxd5 {[%emt 0:03:59]} Bd7 {[%emt 0:13:45]} 25. Qd4 {[%emt 0:00:08]} Rce8 {[%emt 0:02:38]} 26. e4 {[%emt 0:02:14]} h5 {[%emt 0:00:58]} 27. h4 {[%emt 0:02:39]} f6 {[%emt 0:01:10]} 28. Rd1 {[%emt 0:04:07]} Kh8 {[%emt 0:02:53]} 29. Bf1 {[%emt 0:01:46]} Qf7 {[%emt 0:03:24]} 30. Bc4 {[%emt 0:03:40]} Qg6 {[%emt 0:00:15]} 31. Bf1 {[%emt 0:02:32]} Qf7 {[%emt 0:00:11]} 32. Qc3 {[%emt 0:01:00]} Rb8 {[%emt 0:01:19]} 33. Qa5 {[%emt 0:00:34]} Be8 {[%emt 0:00:10]} 34. Rd6 {[%emt 0:01:20]} g6 {[%emt 0:03:37]} 35. Bc4 {[%emt 0:01:49]} Qf8 {[%emt 0:00:16]} 36. Qd2 {[%emt 0:02:15]} Kg7 {[%emt 0:01:18]} 37. Qd4 {[%emt 0:00:13]} Rbb7 {[%emt 0:01:00]} 38. e5 {[%emt 0:01:15]} f5 {[%emt 0:00:51]} 39. Rf6 {[%emt 0:03:07]} Qh8 {[%emt 0:00:03]} 40. e6 {[%emt 0:00:41]} Kh7 {[%emt 0:00:14]} 41. Rcxf5 {[%emt 0:00:36]} gxf5 {[%emt 0:01:26]} 42. Rh6+ {[%emt 0:00:10]} Kxh6 {[%emt 0:00:06]} 43. Qxh8+ {[%emt 0:00:04]} Kg6 {[%emt 0:00:04]} 44. g4 {[%emt 0:00:25]} hxg4 {[%emt 0:01:17]} 45. fxg4 {[%emt 0:00:06]} 1-0

[Event "Commonwealth Open 2019"]
[Site "Delhi"]
[Date "2019.06.30"]
[Round "2.4"]
[White "Oatlhotse, Providence"]
[Black "Lalith Babu M R"]
[Result "1/2-1/2"]
[WhiteElo "2244"]
[BlackElo "2571"]
[Annotator "ChessBase"]
[PlyCount "144"]
[EventDate "2019.06.30"]
[EventType "swiss"]
[EventCountry "IND"]
[SourceTitle "playchess.com"]
[Source "ChessBase"]
[SourceQuality "1"]
[TimeControl "5400+30"]

1. Nf3 {[%emt 0:06:24]} Nf6 {[%emt 0:00:00]} 2. c4 {[%emt 0:00:33]} e6 {[%emt 0:00:22]} 3. g3 {[%emt 0:03:31]} d5 {[%emt 0:00:43]} 4. Bg2 {[%emt 0:00:12]} dxc4 {[%emt 0:00:23]} 5. O-O {[%emt 0:01:24]} Be7 {[%emt 0:01:34]} 6. Na3 {[%emt 0:01:10]} Bxa3 {[%emt 0:01:19]} 7. bxa3 {[%emt 0:00:06]} O-O {[%emt 0:00:23]} 8. Qc2 {[%emt 0:01:00]} c5 {[%emt 0:13:13]} 9. Bb2 {[%emt 0:01:35]} Nbd7 {[%emt 0:01:29]} 10. Qxc4 {[%emt 0:00:53]} Rb8 {[%emt 0:04:52]} 11. a4 {[%emt 0:10:16]} b6 {[%emt 0:06:03]} 12. Ne5 {[%emt 0:04:27]} Bb7 {[%emt 0:00:33]} 13. Nc6 {[%emt 0:00:46]} Bxc6 {[%emt 0:00:04]} 14. Bxc6 {[%emt 0:00:05]} Rc8 {[%emt 0:00:16]} 15. Bb7 {[%emt 0:02:06]} Rc7 {[%emt 0:02:30]} 16. Bg2 {[%emt 0:00:11]} Nb8 {[%emt 0:02:54]} 17. Be5 {[%emt 0:04:55]} Rd7 {[%emt 0:00:05]} 18. d3 {[%emt 0:01:16]} Nd5 {[%emt 0:00:04]} 19. Qb5 {[%emt 0:05:20]} Nc7 {[%emt 0:08:52]} 20. Qb2 {[%emt 0:00:39]} f6 {[%emt 0:00:07]} 21. Bf4 {[%emt 0:04:04]} Nd5 {[%emt 0:00:42]} 22. Bd2 {[%emt 0:00:47]} Nc6 {[%emt 0:00:05]} 23. Rfc1 {[%emt 0:02:23]} f5 {[%emt 0:01:28]} 24. a5 {[%emt 0:01:23]} Nd4 {[%emt 0:00:53]} 25. Be3 {[%emt 0:01:26]} e5 {[%emt 0:07:20]} 26. axb6 {[%emt 0:01:50]} axb6 {[%emt 0:00:54]} 27. Rab1 {[%emt 0:00:33]} f4 {[%emt 0:01:05]} 28. Bxd4 {[%emt 0:00:36]} exd4 {[%emt 0:00:23]} 29. Bxd5+ {[%emt 0:02:01]} Rxd5 {[%emt 0:00:03]} 30. Qxb6 {[%emt 0:00:12]} fxg3 {[%emt 0:00:22]} 31. hxg3 {[%emt 0:01:25]} Qg5 {[%emt 0:00:41]} 32. Qe6+ {[%emt 0:23:02]} Kh8 {[%emt 0:00:09]} 33. Rf1 {[%emt 0:02:13]} h5 {[%emt 0:04:19]} 34. Rb7 {[%emt 0:06:28]} Re5 {[%emt 0:02:01]} 35. Qd6 {[%emt 0:00:55]} Rfe8 {[%emt 0:09:57]} 36. Rb8 {[%emt 0:01:22]} Rxe2 {[%emt 0:00:37]} 37. Rxe8+ {[%emt 0:00:38]} Rxe8 {[%emt 0:00:04]} 38. Qc6 {[%emt 0:01:20]} Re2 {[%emt 0:00:30]} 39. a4 {[%emt 0:00:30]} Ra2 {[%emt 0:00:30]} 40. Qe6 {[%emt 0:00:30]} Rb2 {[%emt 0:06:28]} 41. Re1 {[%emt 0:07:18]} Kh7 {[%emt 0:05:56]} 42. Re5 {[%emt 0:00:44]} Rb1+ {[%emt 0:01:59]} 43. Kg2 {[%emt 0:00:05]} Qg6 {[%emt 0:00:19]} 44. Qxg6+ Kxg6 {[%emt 0:00:08]} 45. Kf3 {[%emt 0:03:07]} Ra1 {[%emt 0:01:06]} 46. Rxc5 {[%emt 0:00:29]} Rxa4 {[%emt 0:00:03]} 47. Ke4 {[%emt 0:00:10]} Ra2 {[%emt 0:02:14]} 48. f4 {[%emt 0:00:04]} Rg2 {[%emt 0:00:05]} 49. Rg5+ {[%emt 0:00:07]} Kf6 {[%emt 0:00:02]} 50. Rxh5 {[%emt 0:01:39]} Rxg3 {[%emt 0:00:18]} 51. Kxd4 {[%emt 0:00:09]} Rg1 {[%emt 0:00:14]} 52. Ke4 {[%emt 0:01:01]} Re1+ {[%emt 0:00:30]} 53. Kf3 {[%emt 0:00:11]} Rf1+ {[%emt 0:01:30]} 54. Ke3 {[%emt 0:00:03]} Re1+ {[%emt 0:00:14]} 55. Kf2 {[%emt 0:00:10]} Ra1 {[%emt 0:00:04]} 56. Re5 {[%emt 0:00:55]} Ra2+ {[%emt 0:00:34]} 57. Kf3 {[%emt 0:00:24]} Ra1 {[%emt 0:00:07]} 58. Ke2 {[%emt 0:00:20]} Ra2+ {[%emt 0:00:52]} 59. Ke3 {[%emt 0:00:02]} Ra1 {[%emt 0:00:04]} 60. d4 {[%emt 0:01:22]} Re1+ {[%emt 0:03:32]} 61. Kf3 {[%emt 0:01:00]} Ra1 {[%emt 0:00:34]} 62. Ke4 {[%emt 0:00:11]} Ra2 {[%emt 0:00:48]} 63. Kd5 {[%emt 0:00:29]} Ra5+ {[%emt 0:00:39]} 64. Kd6 {[%emt 0:00:37]} Ra4 {[%emt 0:01:27]} 65. Kc5 {[%emt 0:00:33]} g6 {[%emt 0:00:06]} 66. Kd5 {[%emt 0:00:46]} Ra5+ {[%emt 0:00:10]} 67. Ke4 {[%emt 0:00:10]} Ra1 {[%emt 0:00:28]} 68. d5 {[%emt 0:00:19]} Ra4+ {[%emt 0:00:40]} 69. Ke3 {[%emt 0:00:12]} Ra3+ {[%emt 0:00:06]} 70. Ke2 {[%emt 0:01:18]} Ra2+ {[%emt 0:00:37]} 71. Ke3 {[%emt 0:00:29]} Ra3+ {[%emt 0:00:05]} 72. Kd4 {[%emt 0:00:32]} Ra4+ {[%emt 0:00:04] Ke4 Kxe5+} 1/2-1/2